000 00582cam a2200217ua 4500
001 9893
005 20260515114534.0
008 161007n ii |||gr||||Z||||||asm
020 _a9788173394232
040 _cMAIN
041 _aasm
082 _a332.32
100 _aBaruah, Gautam Prasad,
_eAuthor.
245 _aMitabyaita aru sansay :
_bji path porhashaliye nishikale /
_cBy Gautam Prasad Baruah .
250 _a1st ed.
260 _aDibrugarh:
_bBanalata,
_c2008.
300 _a160p.
653 _aFinancial economics
653 _aThriftiness and savings
942 _cBK
999 _c8894
_d8894